Women in Rock and Metal - Statistics

General Stats
  • This quiz has been taken 223 times
    176 since last reset
  • The average score is 5 of 14
Answer Stats
Song Title Answer % Correct
I Love Rock and Roll Joan Jett
86%
Bring Me to Life Amy Lee
61%
Celebrity Skin Courtney Love
46%
Barracuda Ann Wilson / Nancy Wilson
42%
Call Me Debbie Harry
42%
Hit Me With Your Best Shot Pat Benatar
42%
Close My Eyes Forever Lita Ford
35%
Stupid Girl Shirley Manson
31%
Nemo Tarja Turunen
30%
Love Bites (So Do I) Lzzy Hale
27%
Für Immer Doro Pesch
24%
Make Me Wanna Die Taylor Momsen
18%
Dead Eyes See No Future Angela Gossow
15%
Our Truth Cristina Scabbia
13%
No matching quizzes found
Score Distribution
Percent of People with Each Score
Percentile by Number Answered
Your Score History
You have not taken this quiz since the last reset